000 00206 a2200097 4500
001 23135
100 _aFaris, N A
245 _aBook of Knowledge
260 _a
_bSh. M. Ashraf
_c1966
090 _c15675
_d15675
942 _aNUST-CAE
_cM
_c6308
999 _c258208
_d258208